|
|
|
|
| LEADER |
00000cas a2200000 a 4500 |
| 001 |
vtls001358918 |
| 005 |
20260421150849.0 |
| 008 |
990329c19789999xo qr p 0 0b0epo |
| 022 |
|
|
|a 1335-5031
|
| 035 |
|
|
|a SNK000312448
|
| 040 |
|
|
|a SNK
|b slo
|c SNK
|e AACR2
|
| 041 |
0 |
|
|a epo
|a slo
|
| 044 |
|
|
|a xo
|c SK
|
| 072 |
|
7 |
|a 811.9
|x Umelé jazyky
|2 konspekt
|
| 080 |
|
|
|a 811.922
|2 2011
|
| 080 |
|
|
|a 050
|2 2011
|
| 210 |
0 |
|
|a Esperant. Slovaka
|
| 222 |
|
0 |
|a Esperantisto Slovaka
|
| 245 |
0 |
0 |
|a Esperantisto Slovaka
|b organo de Slovakia Esperanto - Asocio
|
| 260 |
|
|
|a Poprad
|b Slovenský esperantský zväz
|c 1978-
|
| 300 |
|
|
|a zv.
|c 21-30 cm
|
| 310 |
|
|
|a 4x ročne
|
| 362 |
|
|
|a 1978-
|z SKP
|
| 500 |
|
|
|a Popis podľa č. 1/1985
|
| 500 |
|
|
|a Reg. číslo: MK SR 61/90 ; MK SR 2130/99
|
| 500 |
|
|
|a Podnázov sa mení: gazeto de Slovakia Esperanto - Asocio ; socikultura kaj informa gazeto de SKEF ; organo de Slovaka Esperanta Federacio. Fondita en 1946 de Ernesto Váňa
|
| 500 |
|
|
|a Založený v r. 1946 Ernestom Váňom
|
| 515 |
|
|
|a Niektoré čísla vychádzajú ako dvojčíslo
|
| 525 |
|
|
|a Obsahuje nesamostatnú prílohu: Raportanto
|
| 550 |
|
|
|a Rôzne miesta vydania
|
| 650 |
0 |
7 |
|a esperanto
|2 SNKPH
|9 22400
|
| 655 |
|
7 |
|a časopisy záujmových združení a spolkov
|2 SNKPH
|9 141943
|
| 710 |
2 |
|
|a Slovenský esperantský zväz
|4 pbl
|9 104966
|
| 916 |
|
|
|a 1985-1994, 1999-2016
|
| 999 |
|
|
|c 1406
|d 3336
|
| 952 |
|
|
|t č. 1-6
|a SNK
|b SNK
|y PREZ
|7 0
|p 17A0938714
|o snkČSB 3577/46/1992
|i snkČSP 3158/93
|f 1
|0 0
|1 0
|4 0
|d 2019-05-28
|l 0
|r 2026-02-21 20:14:03
|w 2026-02-21
|
| 952 |
|
|
|t č. 1-6
|a SNK
|b SNK
|y PREZ
|7 0
|p 17A0938746
|o snkČSB 3577/47/1993
|i snkČSP 1716/97
|f 1
|0 0
|1 0
|4 0
|d 2019-05-28
|l 0
|r 2026-02-21 20:14:03
|w 2026-02-21
|
| 952 |
|
|
|t č. 1-6
|a SNK
|b SNK
|y PREZ
|7 0
|p 17A0102949
|o snkČSB 3577/1990
|i snkČSP 4550/91
|f 1
|0 0
|1 0
|4 0
|d 1997-10-09
|l 0
|r 2005-01-02 00:00:00
|w 2026-02-21
|
| 952 |
|
|
|a SNK
|b SNK
|y PREZ
|7 0
|p 17A0186421
|o snkČSB 3577/1990
|0 0
|1 0
|4 0
|d 1999-03-29
|l 0
|r 2005-01-02 00:00:00
|w 2026-02-21
|
| 952 |
|
|
|t č. 1-6
|a SNK
|b SNK
|y PREZ
|7 0
|p 17A0903073
|o snkČSB 3577/48/1994
|i snkČSP 1718/97
|f 1
|0 0
|1 0
|4 0
|d 2019-05-28
|l 0
|r 2026-02-21 20:38:24
|w 2026-02-21
|
| 952 |
|
|
|t č. 1-3
|a SNK
|b SNK
|y PREZ
|7 0
|p 17A1367777
|o snkČSB 3577/1999
|i snk2019/14586
|8 0
|f 1
|0 0
|1 0
|4 0
|d 2019-05-28
|l 0
|r 2026-02-21 20:38:24
|w 2026-02-21
|
| 952 |
|
|
|t č. 1-2
|a SNK
|b SNK
|y PREZ
|7 0
|p 17A1367780
|o snkČSB 3577/2002
|i snk2019/14604
|8 0
|f 1
|0 0
|1 0
|4 0
|d 2019-05-28
|l 0
|r 2026-02-21 20:38:24
|w 2026-02-21
|
| 952 |
|
|
|t č. 1-3
|a SNK
|b SNK
|y PREZ
|7 0
|p 17A1367779
|o snkČSB 3577/2001
|i snk2019/14603
|8 0
|f 1
|0 0
|1 0
|4 0
|d 2019-05-28
|l 0
|r 2026-02-21 20:38:24
|w 2026-02-21
|
| 952 |
|
|
|t č. 1-4
|a SNK
|b SNK
|y PREZ
|7 0
|p 17A1367778
|o snkČSB 3577/2000
|i snk2019/14599
|8 0
|f 1
|0 0
|1 0
|4 0
|d 2019-05-28
|l 0
|r 2026-02-21 20:38:24
|w 2026-02-21
|
| 952 |
|
|
|a SNK
|b SNK
|y PREZ
|7 0
|p 17A0186395
|o snkČSB 3577/1989 D1
|0 0
|1 0
|4 0
|d 1999-03-29
|l 0
|r 2005-01-02 00:00:00
|w 2026-02-21
|
| 952 |
|
|
|a SNK
|b SNK
|y PREZ
|7 0
|p 17A0186396
|o snkČSB 3577/1988 D1
|0 0
|1 0
|4 0
|d 1999-03-29
|l 0
|r 2005-01-02 00:00:00
|w 2026-02-21
|
| 952 |
|
|
|a SNK
|b SNK
|y PREZ
|7 0
|p 17A0186422
|o snkČSB 3577/1987 D1
|0 0
|1 0
|4 0
|d 1999-03-29
|l 0
|r 2005-01-02 00:00:00
|w 2026-02-21
|
| 952 |
|
|
|a SNK
|b SNK
|y PREZ
|7 0
|p 17A0186536
|o snkČSB 3577/1986 D1
|0 0
|1 0
|4 0
|d 1999-03-29
|l 0
|r 2005-01-02 00:00:00
|w 2026-02-21
|
| 952 |
|
|
|t č. 1-6
|a SNK
|b SNK
|y PREZ
|7 0
|p 17A0938744
|o snkČSB 3577/1991
|i snkČSP 2476/92
|f 1
|0 0
|1 0
|4 0
|d 2019-05-28
|l 0
|r 2026-02-21 22:07:02
|w 2026-02-21
|
| 952 |
|
|
|t č. 1-4
|a SNK
|b SNK
|y PREZ
|7 0
|p 17A1367781
|o snkČSB 3577/2003
|i snk2019/14606
|8 0
|f 1
|0 0
|1 0
|4 0
|d 2019-05-28
|l 0
|r 2026-02-21 22:07:02
|w 2026-02-21
|
| 952 |
|
|
|t č. 1-4
|a SNK
|b SNK
|y PREZ
|7 0
|p 17A1367782
|o snkČSB 3577/2004
|i snk2019/14607
|8 0
|f 1
|0 0
|1 0
|4 0
|d 2019-05-28
|l 0
|r 2026-02-21 22:07:02
|w 2026-02-21
|
| 952 |
|
|
|t č. 1-4
|a SNK
|b SNK
|y PREZ
|7 0
|p 17A1367783
|o snkČSB 3577/2005
|i snk2019/14609
|8 0
|f 1
|0 0
|1 0
|4 0
|d 2019-05-28
|l 0
|r 2026-02-21 22:07:02
|w 2026-02-21
|
| 952 |
|
|
|t č. 1-4
|a SNK
|b SNK
|y PREZ
|7 0
|p 17A1367784
|o snkČSB 3577/2006
|i snk2019/14611
|8 0
|f 1
|0 0
|1 0
|4 0
|d 2019-05-28
|l 0
|r 2026-02-21 22:07:02
|w 2026-02-21
|
| 952 |
|
|
|t č. 1-4
|a SNK
|b SNK
|y PREZ
|7 0
|p 17A1367785
|o snkČSB 3577/2007
|i snk2019/14613
|8 0
|f 1
|0 0
|1 0
|4 0
|d 2019-05-28
|l 0
|r 2026-02-21 22:07:02
|w 2026-02-21
|
| 952 |
|
|
|t č. 1-4
|a SNK
|b SNK
|y PREZ
|7 0
|p 17A1367786
|o snkČSB 3577/2008
|i snk2019/14616
|8 0
|f 1
|0 0
|1 0
|4 0
|d 2019-05-28
|l 0
|r 2026-02-21 22:07:02
|w 2026-02-21
|
| 952 |
|
|
|t č. 1-4
|a SNK
|b SNK
|y PREZ
|7 0
|p 17A1367787
|o snkČSB 3577/2009
|i snk2019/14620
|8 0
|f 1
|0 0
|1 0
|4 0
|d 2019-05-28
|l 0
|r 2026-02-21 22:07:25
|w 2026-02-21
|
| 952 |
|
|
|t č. 1-4
|a SNK
|b SNK
|y PREZ
|7 0
|p 17A1367788
|o snkČSB 3577/2010
|i snk2019/14621
|8 0
|f 1
|0 0
|1 0
|4 0
|d 2019-05-28
|l 0
|r 2026-02-21 22:07:25
|w 2026-02-21
|
| 952 |
|
|
|t č. 1-4
|a SNK
|b SNK
|y PREZ
|7 0
|p 17A1367789
|o snkČSB 3577/2011
|i snk2019/14626
|8 0
|f 1
|0 0
|1 0
|4 0
|d 2019-05-28
|l 0
|r 2026-02-21 22:07:25
|w 2026-02-21
|
| 952 |
|
|
|t č. 1-4, neúplné
|a SNK
|b SNK
|y PREZ
|7 0
|p 17A1367790
|o snkČSB 3577/2012
|i snk2019/14631
|8 0
|z Chýba č. 2
|f 1
|0 0
|1 0
|4 0
|d 2019-05-28
|l 0
|r 2026-02-21 22:07:25
|w 2026-02-21
|
| 952 |
|
|
|t č. 1-4
|a SNK
|b SNK
|y PREZ
|7 0
|p 17A1367791
|o snkČSB 3577/2013
|i snk2019/14638
|8 0
|f 1
|0 0
|1 0
|4 0
|d 2019-05-28
|l 0
|r 2026-02-21 22:07:25
|w 2026-02-21
|
| 952 |
|
|
|t č. 1-4
|a SNK
|b SNK
|y PREZ
|7 0
|p 17A1367792
|o snkČSB 3577/2014
|i snk2019/14641
|8 0
|f 1
|0 0
|1 0
|4 0
|d 2019-05-28
|l 0
|r 2026-02-21 22:07:26
|w 2026-02-21
|
| 952 |
|
|
|t č. 1-4
|a SNK
|b SNK
|y PREZ
|7 0
|p 17A1367793
|o snkČSB 3577/2015
|i snk2019/14643
|8 0
|f 1
|0 0
|1 0
|4 0
|d 2019-05-28
|l 0
|r 2026-02-21 22:07:26
|w 2026-02-21
|
| 952 |
|
|
|t č. 1-4
|a SNK
|b SNK
|y PREZ
|7 0
|p 17A1367794
|o snkČSB 3577/2016
|i snk2019/14645
|8 0
|f 1
|0 0
|1 0
|4 0
|d 2019-05-28
|l 0
|r 2026-02-21 22:07:26
|w 2026-02-21
|
| 952 |
|
|
|t č. 1-6
|a SNK
|b SNK
|y PREZ
|7 0
|p 17A1026795
|o snkČSB 3577/1985
|i snkČSP 4994/86
|f 1
|0 0
|1 0
|4 0
|d 2019-05-28
|l 0
|r 2026-02-21 22:07:37
|w 2026-02-21
|
| 952 |
|
|
|t č. 1-6
|a SNK
|b SNK
|y PREZ
|7 0
|p 17A1026676
|o snkČSB 3577/1986
|i snkČSP 3721/87
|f 1
|0 0
|1 0
|4 0
|d 2019-05-28
|l 0
|r 2026-02-21 22:07:37
|w 2026-02-21
|
| 952 |
|
|
|t č. 1-6
|a SNK
|b SNK
|y PREZ
|7 0
|p 17A1026678
|o snkČSB 3577/1987
|i snkČSP 4545/88
|f 1
|0 0
|1 0
|4 0
|d 2019-05-28
|l 0
|r 2026-02-21 22:07:37
|w 2026-02-21
|
| 952 |
|
|
|t č. 1-6
|a SNK
|b SNK
|y PREZ
|7 0
|p 17A1026679
|o snkČSB 3577/1988
|i snkČSP 3131/89
|f 1
|0 0
|1 0
|4 0
|d 2019-05-28
|l 0
|r 2026-02-21 22:07:37
|w 2026-02-21
|
| 952 |
|
|
|t č. 1-6
|a SNK
|b SNK
|y PREZ
|7 0
|p 17A1026700
|o snkČSB 3577/1989
|i snkČSP 445/91
|f 1
|0 0
|1 0
|4 0
|d 2019-05-28
|l 0
|r 2026-02-21 22:07:37
|w 2026-02-21
|
| 952 |
|
|
|t č. 1-6
|a SNK
|b SNK
|y PREZ
|7 0
|p 17A1150582
|o snkČSB 3577/46/1992 D1
|i snkČSP 3159/93
|0 0
|1 0
|4 0
|d 2016-06-06
|l 0
|r 2026-02-21 22:24:19
|w 2026-02-21
|
| 952 |
|
|
|t č. 1-6
|a SNK
|b SNK
|y PREZ
|7 0
|p 17A1150581
|o snkČSB 3577/1986 D1
|i snkČSP 2477/92
|0 0
|1 0
|4 0
|d 2016-06-06
|l 0
|r 2026-02-21 22:24:19
|w 2026-02-21
|